UK Now That's What I Call Music! 31 Tracklist Quiz Stats

 Plays Quiz not verified by Sporcle

Challenge
Share
Tweet
Embed
Score 0/40 Timer 06:00
0 Plays Today
Track No. Title % Correct
1-2A Girl Like You
82.4%
1-3Common People
82.4%
1-4Alright
82.4%
2-12Love City Groove
82.4%
1-11Kiss from a Rose
76.5%
1-14Sour Times
76.5%
1-16Buddy Holly
76.5%
1-19White Lines (Don't Do It)
76.5%
2-1Boom Boom Boom
76.5%
2-3This Is How We Do It
76.5%
2-7Dreamer
76.5%
2-9Whoomph! (There It Is)
76.5%
2-18I Need You
76.5%
1-5In the Summertime
70.6%
1-6Here Comes the Hotstepper
70.6%
1-12Days
70.6%
1-13One Man in My Heart
70.6%
1-17Roll to Me
70.6%
2-2I've Got a Little Something for You
70.6%
2-5I Need Your Loving (Everybody's Gotta Learn Sometime)
70.6%
Track No. Title % Correct
2-13Swing Low, Sweet Chariot
70.6%
2-19Son of a Gun
70.6%
1-1Don't Want to Forgive Me Now
64.7%
1-73 Is Family
64.7%
1-8Right in the Night (Fall in Love with Music)
64.7%
1-15Some Might Say
64.7%
1-18I'm a Believer
64.7%
2-6Keep Warm
64.7%
2-10Humpin' Around
64.7%
2-11Stuck on U
64.7%
2-17Your Loving Arms
64.7%
1-9Hold My Body Tight
58.8%
1-10Key to My Life
58.8%
2-4Shoot Me with Your Love
58.8%
1-20Hurt So Good
52.9%
2-14Love Enuff
52.9%
2-15Get Your Hands Off My Man
47.1%
2-16Freedom
47.1%
2-20Only Me
47.1%
2-8Think of You
41.2%

You're not logged in!

Compare scores with friends on all Sporcle quizzes.
OR
Log In

You Might Also Like...

Show Comments

Extras

Top Quizzes Today


Score Distribution

Your Account Isn't Verified!

In order to create a playlist on Sporcle, you need to verify the email address you used during registration. Go to your Sporcle Settings to finish the process.

Report this User

Report this user for behavior that violates our Community Guidelines.

Details: